US vs China vs Russia vs UK - Statistics

General Stats
  • This quiz has been taken 42 times
  • The average score is 7 of 10
Answer Stats
Question Answer % Correct
Most Land Russia
93%
Most People China
87%
Highest GDP Per Capita US
87%
Most Powerful Army US
80%
Most Bordering Countries Russia
73%
Highest Average Temperature US
73%
Most Airports US
67%
Highest on the World Happiness Report UK
60%
Lowest Inflation Rate China
47%
Highest Literacy Rate Russia
7%
No matching quizzes found
Score Distribution
Percent of People with Each Score
Percentile by Number Answered
Your Score History
You have not taken this quiz